000 00587nam a22002297i 4500
001 7590
003 OSt
005 20170126082402.0
007 tu
008 161220s xxu||||| |||| 00| 0 d
024 7 _a7590
_2RID
024 7 _a7590
_2RSN (alt)
040 _cOSt
245 0 0 _aNational Accounts (Narodni ucty)
260 _aCR.
490 _aNational Accounts (Narodni ucty)
500 0 0 _aAvailable Online: http://www.czso.cz/eng/edicniplan.nsf/p/5001-05+
651 _aCzech Republic
110 2 _aCzech Statistical Office
856 _uhttp://www.czso.cz
866 0 _u1995-1998
942 _cST
999 _c6451
_d6451